| 000 | 00782nam a2200229Ii 4500 | ||
|---|---|---|---|
| 003 | JO-AjNU | ||
| 008 | 230605s9999||||xx |||||||||||||| ||und|| | ||
| 017 | _a4930.2007 | ||
| 020 | _a977-379-043-8 | ||
| 040 |
_aJO-AjNU _bara _erda _cJO-AjNU |
||
| 041 | _aara | ||
| 050 | 1 | 4 | _aK3400.2007 |
| 100 | 3 |
_a إمام ، محمد محمد عبدة , _eauthor _931996 |
|
| 245 | 0 | 0 | _aالقضاء الإداري مبدا المشروعية وتنظيم مجلس الدولة " دراسة مقارنة " |
| 250 | _aط1 | ||
| 264 | 3 | 1 | _aالاسكندرية : دار الفكر الجامعى ، 2007 |
| 300 | _a219ص | ||
| 336 |
_atext _btxt _2rdacontent |
||
| 337 |
_aunmediated _bn _2rdamedia |
||
| 338 |
_avolume _bnc _2rdacarrier |
||
| 650 | 4 |
_aالقضاء الاداري _931997 |
|
| 999 |
_aA12864 _c16432 _d16432 |
||